|
|
|
|
| LEADER |
01054nam a2200349 4500 |
| 001 |
DLU180184270 |
| 005 |
##20180405 |
| 020 |
# |
# |
|a 9786045395691
|
| 040 |
# |
# |
|a DLU
|b vie
|
| 041 |
# |
# |
|a vie
|
| 044 |
# |
# |
|a vn
|
| 082 |
# |
# |
|a 398.22
|b Bok
|
| 245 |
# |
# |
|a Bok Set muih tơmo brông kông yang rong =
|b Bok Set phát rừng đá của Yang : Sử thi song ngữ Bahnar - Việt .
|n t.II /
|c A Lưu, A Jar, Nguyễn Quang Tuệ sưu tầm, giới thiệu.
|
| 246 |
# |
# |
|a Bok Set phát rừng đá của Yang
|
| 260 |
# |
# |
|a H. :
|b Hội nhà văn,
|c 2017.
|
| 300 |
# |
# |
|a 371 tr. ;
|c 21 cm.
|
| 650 |
# |
# |
|a Văn học sử thi, Ba Na.
|
| 700 |
# |
# |
|a A Jar,
|e sưu tầm, giới thiệu.
|
| 700 |
# |
# |
|a A Lưu,
|e sưu tầm, giới thiệu.
|
| 700 |
# |
# |
|a Nguyễn Quang Tuệ,
|e sưu tầm, giới thiệu.
|
| 923 |
# |
# |
|a 01/2018
|
| 990 |
# |
# |
|a t.II
|
| 991 |
# |
# |
|a SH
|
| 992 |
# |
# |
|a 15000
|
| 994 |
# |
# |
|a DLU
|
| 900 |
# |
# |
|a True
|
| 911 |
# |
# |
|a Nguyễn Thanh Hương
|
| 925 |
# |
# |
|a G
|
| 926 |
# |
# |
|a A
|
| 927 |
# |
# |
|a SH
|
| 980 |
# |
# |
|a Thư viện Trường Đại học Đà Lạt
|